Maltańska imigracja według państw - Statystyki

Ogólne statystyki
  • Ten quiz został rozwiązany 121 razy
  • Średni wynik to 10 z 20
Statystyki odpowiedzi
Ludzie Państwo % Poprawnych
5 000 Włochy
98%
25 018 Wielka Brytania
82%
3 650 Stany Zjednoczone
76%
3 000 Niemcy
75%
1 740 Egipt
70%
4 649 Kanada
64%
2 145 Rosja
63%
3 397 Libia
51%
1 450 Szwecja
50%
2 900 Ukraina
50%
1 410 Holandia
48%
1 960 Rumunia
45%
3 000 Syria
45%
1 650 Serbia
44%
12 651 Australia
42%
4 100 Brazylia
42%
1 650 Bułgaria
39%
2 205 Somalia
15%
1 500 Filipiny
11%
1 531 Erytrea
8%
Nie znaleziono quizów pasujących do podanych kryteriów
Rozkład punktacji
Procent ludzi z każdym wynikiem
Percentyl według liczby udzielonych odpowiedzi
Twoja historia wyników
Nie rozwiązałeś tego quizu